000 00880nam a2200325Ia 4500
001 10204
008 191123s9999 xx 000 0 und d
020 _a9789872160296
041 _aspa
044 _aag
245 0 _aJulio Rinaldini :
_bescritos sobre arte, cultura y política.
260 _aBuenos aires :
_bFundación Espigas,
_c2007.
300 _a380 p.
_bilustrado
500 _aTextos sobre el crítico de arte Julio Rinaldini. Participación en las revistas: Sur, Saber Vivir, Lyra.
504 _aIncluye bibliografía.
650 _aARTUNDO, PATRICIA M.
650 _aCRITICA DE ARTE
650 _aCULTURA
650 _aLEBRERO, CECILIA,
650 _aRINALDINI, JULIO
902 _aM
903 _am
904 _am
907 _aimpreso
911 _ailustrado
912 _a2007
942 _cLIBRO
999 _c7882
_d7882
550 _ailustrado